Rice cropping system in tramkak district, takeo province; ប្រព័ន្ធដាំដុះដំណាំស្រុវក្នុងស្រុកត្រាំកក់ ខេត្តតាកែវ (Record no. 7968)

000 -LEADER
fixed length control field 00606nam a22001577a 4500
003 - CONTROL NUMBER IDENTIFIER
control field OSt
005 - DATE AND TIME OF LATEST TRANSACTION
control field 20160506095410.0
008 - FIXED-LENGTH DATA ELEMENTS--GENERAL INFORMATION
fixed length control field 160506b xxu||||| |||| 00| 0 eng d
040 ## - CATALOGING SOURCE
Transcribing agency RUA
082 ## - DEWEY DECIMAL CLASSIFICATION NUMBER
Classification number AGR KHE 2011 B470 Or.1
100 ## - MAIN ENTRY--PERSONAL NAME
9 (RLIN) 8316
Personal name KHEM BORIN; ខឹម​ បូរិន
245 ## - TITLE STATEMENT
Title Rice cropping system in tramkak district, takeo province; ប្រព័ន្ធដាំដុះដំណាំស្រុវក្នុងស្រុកត្រាំកក់ ខេត្តតាកែវ
260 ## - PUBLICATION, DISTRIBUTION, ETC. (IMPRINT)
Place of publication, distribution, etc. RUA
Name of publisher, distributor, etc. Phnom Penh
Date of publication, distribution, etc. 2011
300 ## - PHYSICAL DESCRIPTION
Extent xi;65p.
Other physical details ill.
Dimensions 29cm.
942 ## - ADDED ENTRY ELEMENTS (KOHA)
Source of classification or shelving scheme
Koha item type AGR
Holdings
Price effective from Date last seen Permanent Location Not for loan Date acquired Source of classification or shelving scheme Koha item type Barcode Lost status Damaged status Withdrawn status Current Location Full call number
2016-05-062016-05-06Library Block B 2016-05-06 AGRRUA057620   Library Block BAGR KHE 2011 B470 Or.1
មជ្ឈមណ្ឌលឯការនៃសាកលវិទ្យាល័យភូមិន្ទកសិកម្មចំការដូង

Powered by Koha